[Event "Pan American-ch Hybrid U14 31st"]
[Site "Tornelo INT"]
[Date "2021.09.04"]
[Round "1"]
[White "Caldas, Raphael Cavalcanti"]
[Black "Camargo Vasquez, Sayre Sebastian"]
[Result "1-0"]
[WhiteElo "1628"]
[BlackElo "1155"]
[PlyCount "58"]
[EventDate "2021.09.04"]
[EventType "swiss"]
[EventRounds "9"]
[EventCountry "NET"]
[SourceTitle "EXT 2023"]
[Source "ChessBase"]
[SourceDate "2022.10.05"]
[SourceVersion "1"]
[SourceVersionDate "2022.10.05"]
[SourceQuality "1"]

1. e4 Nf6 2. e5 Nd5 3. c4 Nb6 4. c5 Nd5 5. Nc3 Nxc3 6. bxc3 d6 7. cxd6 exd6 8. d4 dxe5 9. Bc4 exd4 10. Nf3 Bg4 11. 0-0 Be7 12. Qb3 0-0 13. Ne5 Bh5 14. Qxb7 Nd7 15. Nc6 Nc5 16. Nxd8 Nxb7 17. Nxb7 dxc3 18. Re1 c2 19. Rxe7 Rab8 20. Bd5 c6 21. Bf3 Rfe8 22. Rxe8+ Rxe8 23. Be3 Bg6 24. Re1 Bd3 25. Nc5 Bg6 26. Kf1 Rb8 27. Bf4 Rb1 28. Be4 Bh5 29. Bxc2 Rxe1+ 1-0

[Event "Florianopolis op 6th"]
[Site "Florianopolis"]
[Date "2020.01.23"]
[Round "6"]
[White "Souza dos Santos, Matheus Garcett"]
[Black "Caldas, Raphael Cavalcanti"]
[Result "1-0"]
[WhiteElo "1927"]
[BlackElo "1612"]
[PlyCount "84"]
[EventDate "2020.01.20"]
[EventType "swiss"]
[EventRounds "10"]
[EventCountry "BRA"]
[SourceTitle "CBM 194 Extra"]
[Source "ChessBase"]
[SourceDate "2020.03.31"]
[SourceVersion "1"]
[SourceVersionDate "2020.03.31"]
[SourceQuality "1"]

1. e4 c5 2. Nf3 d6 3. d4 cxd4 4. Nxd4 Nf6 5. Nc3 a6 6. Bg5 e6 7. f4 Nbd7 8. Qf3 Qc7 9. 0-0-0 b5 10. g4 Bb7 11. a3 Be7 12. Bxf6 gxf6 13. Kb1 Nb6 14. f5 e5 15. Nb3 Nc4 16. Bxc4 bxc4 17. Nc1 Rb8 18. Nd5 Bxd5 19. Rxd5 Kd7 20. h4 Rhc8 21. c3 Qb6 22. Rh2 Rc7 23. Rhd2 Rcb7 24. Qf2 Qc6 25. Qe2 Qb6 26. Qf2 Qc6 27. g5 Kc7 28. Qf1 fxg5 29. f6 Bf8 30. hxg5 Rb5 31. Qh1 R5b7 32. Qxh7 Kb6 33. Qh1 Ka7 34. Qd1 Qb6 35. Qe2 Ka8 36. Qf2 Qxf2 37. Rxf2 Rb5 38. Rfd2 Rxd5 39. Rxd5 Rb5 40. Rxb5 axb5 41. Ne2 d5 42. exd5 Kb7 1-0

[Event "Florianopolis op 6th"]
[Site "Florianopolis"]
[Date "2020.01.22"]
[Round "4"]
[White "Caldas, Raphael Cavalcanti"]
[Black "Buganca, Luiz Henrique Da Si"]
[Result "0-1"]
[WhiteElo "1612"]
[BlackElo "1854"]
[PlyCount "66"]
[EventDate "2020.01.20"]
[EventType "swiss"]
[EventRounds "10"]
[EventCountry "BRA"]
[SourceTitle "CBM 194 Extra"]
[Source "ChessBase"]
[SourceDate "2020.03.31"]
[SourceVersion "1"]
[SourceVersionDate "2020.03.31"]
[SourceQuality "1"]

1. e4 c6 2. d4 d5 3. e5 c5 4. c3 Nc6 5. Bb5 Qb6 6. Bxc6+ bxc6 7. dxc5 Qxc5 8. Be3 Qa5 9. Ne2 e6 10. Nd2 Ba6 11. 0-0 Ne7 12. f4 Nf5 13. Bf2 Qb5 14. c4 Qb7 15. Re1 Be7 16. cxd5 cxd5 17. g4 Nh6 18. Nd4 0-0 19. Re3 Bb4 20. N2b3 Rfc8 21. Rh3 Bf8 22. g5 Nf5 23. Qh5 h6 24. Nxf5 exf5 25. gxh6 g6 26. Qg5 Kh7 27. Nd4 Be7 28. Qg2 Qxb2 29. Re1 Rc1 30. Qxd5 Bc4 31. Qxa8 Rxe1+ 32. Bxe1 Qxd4+ 33. Bf2 Qd1+ 0-1

[Event "BRA-ch sf Reg2 86th"]
[Site "Recife"]
[Date "2019.12.22"]
[Round "6"]
[White "Caldas, Raphael Cavalcanti"]
[Black "Guerra, Thiago Ribeiro"]
[Result "0-1"]
[WhiteElo "1608"]
[BlackElo "1860"]
[PlyCount "46"]
[EventDate "2019.12.19"]
[EventType "swiss"]
[EventRounds "7"]
[EventCountry "BRA"]
[SourceTitle "CBM 194 Extra"]
[Source "ChessBase"]
[SourceDate "2020.03.31"]
[SourceVersion "1"]
[SourceVersionDate "2020.03.31"]
[SourceQuality "1"]

1. e4 e5 2. Nf3 Nc6 3. Bc4 Bc5 4. c3 Nf6 5. d3 d6 6. b4 Bb6 7. a4 a6 8. 0-0 h6 9. Bb2 0-0 10. Nbd2 a5 11. b5 Ne7 12. d4 Ng6 13. dxe5 dxe5 14. Ba3 Re8 15. Qb3 Be6 16. Bxe6 Rxe6 17. Rfd1 Qd3 18. Nf1 Qxe4 19. Ng3 Qg4 20. h3 Qxg3 21. Nd4 Bxd4 22. Rxd4 Qg5 23. Rd3 Nf4 0-1

[Event "BRA-ch sf Reg2 86th"]
[Site "Recife"]
[Date "2019.12.20"]
[Round "2"]
[White "Caldas, Raphael Cavalcanti"]
[Black "Barioni, Daniel Rossiter"]
[Result "0-1"]
[WhiteElo "1608"]
[BlackElo "1827"]
[PlyCount "42"]
[EventDate "2019.12.19"]
[EventType "swiss"]
[EventRounds "7"]
[EventCountry "BRA"]
[SourceTitle "CBM 194 Extra"]
[Source "ChessBase"]
[SourceDate "2020.03.31"]
[SourceVersion "1"]
[SourceVersionDate "2020.03.31"]
[SourceQuality "1"]

1. e4 e6 2. d3 d5 3. Nd2 Nf6 4. Ngf3 Nc6 5. g3 dxe4 6. dxe4 Bc5 7. Bg2 e5 8. 0-0 0-0 9. Nh4 a5 10. c3 b6 11. Qc2 Ba6 12. Rd1 Bd3 13. Qa4 b5 14. Nb3 Bxf2+ 15. Kxf2 bxa4 16. Nc5 Ng4+ 17. Kg1 Qf6 18. Nxd3 Rad8 19. h3 Rxd3 20. Rxd3 Qf2+ 21. Kh1 Qe1+ 0-1

[Event "Joao Pessoa de Assis Memorial 1st"]
[Site "Joao Pessoa"]
[Date "2019.11.17"]
[Round "6"]
[White "De Lima, Alan Silva"]
[Black "Caldas, Raphael Cavalcanti"]
[Result "1-0"]
[WhiteElo "1922"]
[BlackElo "1562"]
[PlyCount "85"]
[EventDate "2019.11.15"]
[EventType "swiss"]
[EventRounds "6"]
[EventCountry "BRA"]
[SourceTitle "CBM 193 Extra"]
[Source "ChessBase"]
[SourceDate "2020.01.31"]
[SourceVersion "1"]
[SourceVersionDate "2020.01.31"]
[SourceQuality "1"]

1. c4 c5 2. g3 g6 3. Bg2 Nf6 4. d3 d6 5. Bd2 Bg7 6. Nc3 0-0 7. Qc1 Re8 8. h4 h5 9. Nf3 Nc6 10. 0-0 a6 11. Ng5 Nh7 12. Rb1 Bd7 13. a3 Rb8 14. b4 cxb4 15. axb4 b5 16. Qa3 bxc4 17. dxc4 Qc8 18. Nf3 e5 19. Ne4 Bf8 20. Qd3 d5 21. cxd5 Nxb4 22. Bxb4 Rxb4 23. Rxb4 Bxb4 24. Rb1 a5 25. Rxb4 axb4 26. Qe3 Kg7 27. Nd6 Qc3 28. Nxe8+ Bxe8 29. Qxe5+ Qxe5 30. Nxe5 Nf6 31. Nd3 b3 32. Nb2 Bb5 33. Kf1 Ne8 34. Ke1 Kf6 35. f4 Kf5 36. e4+ Kg4 37. Kf2 Nd6 38. e5 Nc4 39. Bf1 Nxb2 40. Bxb5 Nd1+ 41. Kg2 Ne3+ 42. Kf2 Nxd5 43. Bd7+ 1-0

[Event "Joao Pessoa de Assis Memorial 1st"]
[Site "Joao Pessoa"]
[Date "2019.11.15"]
[Round "1"]
[White "Caldas, Raphael Cavalcanti"]
[Black "Frankental, David"]
[Result "1/2-1/2"]
[WhiteElo "1562"]
[BlackElo "1939"]
[PlyCount "162"]
[EventDate "2019.11.15"]
[EventType "swiss"]
[EventRounds "6"]
[EventCountry "BRA"]
[SourceTitle "CBM 193 Extra"]
[Source "ChessBase"]
[SourceDate "2020.01.31"]
[SourceVersion "1"]
[SourceVersionDate "2020.01.31"]
[SourceQuality "1"]

1. e4 e5 2. Nf3 Nc6 3. Bc4 Bc5 4. c3 Nf6 5. d3 0-0 6. 0-0 d6 7. Bg5 Na5 8. Nbd2 Nxc4 9. Nxc4 Bg4 10. Ne3 Bxf3 11. Qxf3 Bxe3 12. fxe3 h6 13. Bxf6 Qxf6 14. Qxf6 gxf6 15. Rxf6 Kg7 16. Raf1 Rad8 17. R6f5 f6 18. d4 exd4 19. exd4 Rde8 20. R1f4 Re6 21. Kf2 Rfe8 22. Kf3 c6 23. d5 cxd5 24. Rxd5 Kf7 25. g4 Ke7 26. Rh5 Rh8 27. h4 Kf7 28. Ra5 a6 29. b4 Rc8 30. Ra3 Re5 31. Ke3 d5 32. Kd3 Rc4 33. Ra5 Rcxe4 34. Rxe4 dxe4+ 35. Ke3 Re7 36. c4 Kg6 37. Rd5 Re6 38. h5+ Kf7 39. Rd7+ Ke8 40. Rxb7 Re5 41. Rb6 Ke7 42. Rxa6 Rg5 43. b5 Rxg4 44. b6 Kd7 45. b7 Kc7 46. Rxf6 Kxb7 47. Rxh6 Rg2 48. Rh7+ Ka6 49. h6 Rxa2 50. Rh8 Rh2 51. Kxe4 Kb7 52. Kd5 Rd2+ 53. Kc5 Rh2 54. Rh7+ Kb8 55. Kc6 Ra2 56. Rb7+ Ka8 57. Rh7 Kb8 58. c5 Rh2 59. Rh8+ Ka7 60. h7 Rh1 61. Kc7 Rh6 62. c6 Rh1 63. Kc8 Kb6 64. c7 Rc1 65. Kd7 Rxc7+ 66. Kd6 Rb7 67. Ke6 Ka7 68. Ra8+ Kxa8 69. h8Q+ Ka7 70. Qd4+ Ka6 71. Qa4+ Kb6 72. Kd6 Rb8 73. Qc6+ Ka7 74. Qc7+ Ka8 75. Qa5+ Kb7 76. Kd7 Ra8 77. Qd5+ Kb8 78. Kd8 Ra7 79. Qb5+ Rb7 80. Qc6 Ka7 81. Qc5+ Kb8 1/2-1/2

[Event "Recife Arraes Memorial 12th"]
[Site "Recife"]
[Date "2019.08.31"]
[Round "4"]
[White "Caldas, Raphael Cavalcanti"]
[Black "Frankental, David"]
[Result "0-1"]
[WhiteElo "1465"]
[BlackElo "1920"]
[PlyCount "41"]
[EventDate "2019.08.30"]
[EventType "swiss"]
[EventRounds "6"]
[EventCountry "BRA"]
[SourceTitle "EXT 2020"]
[Source "ChessBase"]
[SourceDate "2019.10.17"]
[SourceVersion "1"]
[SourceVersionDate "2019.10.17"]
[SourceQuality "1"]

1. e4 c5 2. Nf3 Nc6 3. d4 Nxd4 4. Nxd4 g6 5. f3 Bg7 6. Be3 Qb6 7. c3 Qxb2 8. Nc2 Bxc3+ 9. Nxc3 Qxc3+ 10. Bd2 Qe5 11. Ne3 Nf6 12. Rc1 d5 13. Bc3 Qf4 14. Nxd5 Nxd5 15. exd5 e5 16. Bb5+ Bd7 17. Bxd7+ Kxd7 18. 0-0 Rhc8 19. Re1 f6 20. Re4 Qf5 21. Bxe5 0-1

[Event "Recife Arraes Memorial 12th"]
[Site "Recife"]
[Date "2019.08.30"]
[Round "1"]
[White "Do Nascimento, Christian Almeida"]
[Black "Caldas, Raphael Cavalcanti"]
[Result "1/2-1/2"]
[WhiteElo "2037"]
[BlackElo "1465"]
[PlyCount "110"]
[EventDate "2019.08.30"]
[EventType "swiss"]
[EventRounds "6"]
[EventCountry "BRA"]
[SourceTitle "EXT 2020"]
[Source "ChessBase"]
[SourceDate "2019.10.17"]
[SourceVersion "1"]
[SourceVersionDate "2019.10.17"]
[SourceQuality "1"]

1. d4 Nf6 2. Bg5 e6 3. e4 Be7 4. Nd2 d5 5. e5 Nfd7 6. Bxe7 Qxe7 7. Bd3 c5 8. c3 Nc6 9. Ne2 0-0 10. 0-0 f6 11. f4 a6 12. a3 b5 13. b4 c4 14. Bc2 a5 15. Nf3 axb4 16. axb4 Bb7 17. Qd2 Nb6 18. exf6 Qxf6 19. Ng5 g6 20. Qe3 Rxa1 21. Rxa1 h6 22. Nxe6 Re8 23. f5 gxf5 24. Qg3+ Kh8 25. N6f4 Qg5 26. Qh3 Bc8 27. Rf1 Bd7 28. Rf3 Rxe2 29. Nxe2 f4 30. Rg3 fxg3 31. Qxg3 Qxg3 32. Nxg3 Na4 33. Ne2 Bg4 34. Bxa4 bxa4 35. Nc1 Bd1 36. b5 Nb8 37. Kf2 Bb3 38. Ke3 Kg7 39. Kf4 Kf6 40. g4 a3 41. h4 a2 42. Nxa2 Bxa2 43. g5+ hxg5+ 44. hxg5+ Ke6 45. g6 Bb1 46. g7 Kf7 47. Ke5 Be4 48. Kd6 Bf5 49. Kxd5 Kxg7 50. Kxc4 Kf7 51. Kc5 Ke7 52. Kb6 Kd6 53. c4 Nd7+ 54. Ka7 Bd3 55. c5+ Nxc5 1/2-1/2

[Event "American Continental 15th"]
[Site "Sao Paulo"]
[Date "2019.07.12"]
[Round "10"]
[White "Mesquita, Arnaldo Leite"]
[Black "Caldas, Raphael Cavalcanti"]
[Result "1-0"]
[WhiteElo "1703"]
[BlackElo "1421"]
[PlyCount "37"]
[EventDate "2019.07.05"]
[EventType "swiss"]
[EventRounds "11"]
[EventCountry "BRA"]
[SourceTitle "CBM 191 Extra"]
[Source "ChessBase"]
[SourceDate "2019.09.30"]
[SourceVersion "1"]
[SourceVersionDate "2019.09.30"]
[SourceQuality "1"]

1. Nf3 c5 2. c4 g6 3. g3 Bg7 4. Bg2 Nf6 5. Nc3 0-0 6. 0-0 Nc6 7. d3 d6 8. Rb1 Bd7 9. a3 Qc8 10. Re1 Bh3 11. Bh1 h6 12. Qc2 Ng4 13. Nd5 Nf6 14. e4 Nxd5 15. exd5 Ne5 16. Nxe5 dxe5 17. b4 b6 18. Bb2 Qc7 19. Qe2 1-0

[Event "American Continental 15th"]
[Site "Sao Paulo"]
[Date "2019.07.09"]
[Round "7"]
[White "Melo, Igor De Souza"]
[Black "Caldas, Raphael Cavalcanti"]
[Result "1-0"]
[WhiteElo "1825"]
[BlackElo "1421"]
[PlyCount "123"]
[EventDate "2019.07.05"]
[EventType "swiss"]
[EventRounds "11"]
[EventCountry "BRA"]
[SourceTitle "CBM 191 Extra"]
[Source "ChessBase"]
[SourceDate "2019.09.30"]
[SourceVersion "1"]
[SourceVersionDate "2019.09.30"]
[SourceQuality "1"]

1. e4 e6 2. d4 d5 3. Nd2 Nc6 4. Ngf3 Nf6 5. e5 Nd7 6. Be2 f6 7. exf6 Qxf6 8. Nf1 h6 9. Ne3 Bd6 10. 0-0 0-0 11. b3 Ne7 12. Ng4 Qg6 13. Nh4 Qh7 14. Bd3 Qh8 15. Bg6 Nf5 16. Bxf5 exf5 17. Ng6 Qh7 18. Nxf8 Nxf8 19. Ne5 Ng6 20. f4 Nxe5 21. dxe5 Bc5+ 22. Kh1 Be6 23. c3 Kf7 24. Rf3 Qg8 25. Rg3 g6 26. a4 a5 27. Be3 Bxe3 28. Rxe3 g5 29. Qh5+ Qg6 30. Qxg6+ Kxg6 31. g3 Ra6 32. b4 axb4 33. cxb4 Rc6 34. Re2 Rc4 35. fxg5 Kxg5 36. b5 b6 37. Kg1 Re4 38. Rxe4 fxe4 39. Rc1 d4 40. Kf2 e3+ 41. Ke2 Bg4+ 42. Kd3 e2 43. Kxd4 Kf5 44. e6 Kxe6 45. Ke3 Kd7 46. Kf2 h5 47. Rh1 c6 48. h3 Be6 49. bxc6+ Kxc6 50. Kxe2 Kc5 51. h4 Bg4+ 52. Kd2 Kb4 53. Rb1+ Ka5 54. Rb5+ Kxa4 55. Rxb6 Ka5 56. Rb8 Ka6 57. Ke3 Ka7 58. Rb4 Ka6 59. Kf4 Ka5 60. Rb8 Ka6 61. Kg5 Ka5 62. Rh8 1-0

[Event "American Continental 15th"]
[Site "Sao Paulo"]
[Date "2019.07.07"]
[Round "3"]
[White "Brito, Vicente de Paulo Al"]
[Black "Caldas, Raphael Cavalcanti"]
[Result "1-0"]
[WhiteElo "1948"]
[BlackElo "1421"]
[PlyCount "91"]
[EventDate "2019.07.05"]
[EventType "swiss"]
[EventRounds "11"]
[EventCountry "BRA"]
[SourceTitle "CBM 191 Extra"]
[Source "ChessBase"]
[SourceDate "2019.09.30"]
[SourceVersion "1"]
[SourceVersionDate "2019.09.30"]
[SourceQuality "1"]

1. e4 e6 2. d4 d5 3. e5 c5 4. c3 Nc6 5. Nf3 Qb6 6. a3 Nh6 7. Bd3 Bd7 8. dxc5 Bxc5 9. 0-0 a5 10. h3 Nf5 11. Bxf5 exf5 12. b3 0-0 13. Bb2 Be6 14. b4 Rfd8 15. Qe2 Be7 16. b5 Nb8 17. a4 Nd7 18. Nbd2 Rac8 19. Nd4 Nc5 20. Kh1 Ne4 21. Nxe4 dxe4 22. f4 Bc4 23. Qe3 Bxf1 24. Rxf1 Bc5 25. g4 Bxd4 26. cxd4 fxg4 27. f5 Rc2 28. f6 Rxb2 29. Qg5 Kf8 30. e6 Qxe6 31. fxg7+ Kg8 32. Qxd8+ Kxg7 33. Qg5+ Qg6 34. Qe5+ Kf8 35. Rc1 f6 36. Qe6 Kg7 37. Qe7+ Kh6 38. Rf1 Kh5 39. hxg4+ Kxg4 40. Rg1+ Kh3 41. Rxg6 hxg6 42. Qh7+ Kg3 43. Qxg6+ Kf3 44. Qxf6+ Kg3 45. Qe5+ Kf3 46. d5 1-0

[Event "Natal Potiguar op 11th"]
[Site "Natal"]
[Date "2019.06.08"]
[Round "3"]
[White "Canonico, Rodrigo"]
[Black "Caldas, Raphael Cavalcanti"]
[Result "1-0"]
[WhiteElo "1714"]
[BlackElo "1413"]
[PlyCount "49"]
[EventDate "2019.06.07"]
[EventType "swiss"]
[EventRounds "6"]
[EventCountry "BRA"]
[SourceTitle "EXT 2020"]
[Source "ChessBase"]
[SourceDate "2019.10.17"]
[SourceVersion "1"]
[SourceVersionDate "2019.10.17"]
[SourceQuality "1"]

1. e4 c5 2. d4 cxd4 3. c3 dxc3 4. Nxc3 g6 5. Bc4 Nc6 6. Nf3 Bg7 7. 0-0 Nf6 8. Qe2 d6 9. Rd1 Qc7 10. Bf4 Qb6 11. e5 dxe5 12. Bxe5 Nxe5 13. Nxe5 0-0 14. Nxf7 Rxf7 15. Qxe7 Nd5 16. Bxd5 Qxf2+ 17. Kh1 Bf8 18. Bxf7+ Qxf7 19. Qxf7+ Kxf7 20. Rf1+ Kg7 21. Rad1 Bf5 22. Nb5 Rc8 23. Nc3 b5 24. Nxb5 Rc2 25. Nd4 1-0

[Event "Natal Potiguar op 11th"]
[Site "Natal"]
[Date "2019.06.07"]
[Round "2"]
[White "Caldas, Raphael Cavalcanti"]
[Black "Braga, Jose Pereira"]
[Result "1/2-1/2"]
[WhiteElo "1413"]
[BlackElo "1881"]
[PlyCount "87"]
[EventDate "2019.06.07"]
[EventType "swiss"]
[EventRounds "6"]
[EventCountry "BRA"]
[SourceTitle "EXT 2020"]
[Source "ChessBase"]
[SourceDate "2019.10.17"]
[SourceVersion "1"]
[SourceVersionDate "2019.10.17"]
[SourceQuality "1"]

1. e4 d6 2. d4 Nf6 3. Nc3 g6 4. f3 Bg7 5. Be3 c6 6. Qd2 0-0 7. 0-0-0 b5 8. Nge2 b4 9. Nb1 a5 10. h4 h5 11. Nf4 Qc7 12. Bc4 e6 13. g4 d5 14. e5 dxc4 15. exf6 Bxf6 16. gxh5 e5 17. Ne2 Bf5 18. Bh6 Rd8 19. hxg6 fxg6 20. Bg5 Qe7 21. Ng3 Bxg5 22. hxg5 Qf7 23. Qh2 Qg7 24. Nxf5 gxf5 25. Qxe5 Nd7 26. Qe6+ Kf8 27. Qxf5+ Kg8 28. Qe6+ Kf8 29. Qh6 Qxh6 30. Rxh6 c5 31. dxc5 Nxc5 32. Rxd8+ Rxd8 33. Rh8+ Ke7 34. Rxd8 Kxd8 35. Nd2 c3 36. Ne4 Ne6 37. bxc3 bxc3 38. Kd1 Ke7 39. Ke2 Nd4+ 40. Kd3 Nxf3 41. Kxc3 Ke6 42. Kd3 Ne5+ 43. Ke3 Kf5 44. Nd2 1/2-1/2

[Event "BRA-ch U12"]
[Site "Florianopolis"]
[Date "2019.04.18"]
[Round "1"]
[White "Salvadego, Matheus Henrique De"]
[Black "Caldas, Raphael Cavalcanti"]
[Result "1-0"]
[WhiteElo "1960"]
[BlackElo "1304"]
[PlyCount "75"]
[EventDate "2019.04.18"]
[EventType "swiss"]
[EventRounds "6"]
[EventCountry "BRA"]
[SourceTitle "CBM 190 Extra"]
[Source "ChessBase"]
[SourceDate "2019.07.15"]
[SourceVersion "1"]
[SourceVersionDate "2019.07.15"]
[SourceQuality "1"]

1. d4 Nf6 2. Nf3 g6 3. Bg5 Bg7 4. c3 0-0 5. Nbd2 c5 6. e3 d6 7. Bd3 Nc6 8. 0-0 Qc7 9. Bxf6 Bxf6 10. Ne4 Bg7 11. Qe2 Bg4 12. Rac1 Kh8 13. b4 f5 14. Neg5 Qd7 15. b5 Nd8 16. h3 Bh5 17. h4 e5 18. dxe5 dxe5 19. e4 h6 20. Nh3 c4 21. Bc2 fxe4 22. Bxe4 Rc8 23. Rb1 Ne6 24. b6 a6 25. Qc2 Nc5 26. Kh2 Nxe4 27. Qxe4 Qd3 28. Qxb7 Qxc3 29. Rbc1 Bxf3 30. Qxc8 Rxc8 31. Rxc3 Bb7 32. Rfc1 Rc6 33. Rxc4 Rxb6 34. a4 a5 35. Rc5 Ra6 36. Rc7 Ba8 37. Rd1 e4 38. g3 1-0

[Event "Recife Akasaka Cup 7th"]
[Site "Recife"]
[Date "2019.04.14"]
[Round "5"]
[White "Gomes, Carlos"]
[Black "Caldas, Raphael Cavalcanti"]
[Result "0-1"]
[WhiteElo "1555"]
[BlackElo "1304"]
[PlyCount "64"]
[EventDate "2019.04.12"]
[EventType "swiss"]
[EventRounds "6"]
[EventCountry "BRA"]
[SourceTitle "CBM 189 Extra"]
[Source "ChessBase"]
[SourceDate "2019.05.31"]
[SourceVersion "1"]
[SourceVersionDate "2019.05.31"]
[SourceQuality "1"]

1. Nf3 c5 2. c4 Nc6 3. Nc3 g6 4. g3 Bg7 5. Bg2 Nf6 6. 0-0 0-0 7. b3 Rb8 8. Bb2 a6 9. a4 Ne8 10. Qc1 Nc7 11. Nd5 e5 12. Ne1 Ne6 13. e3 d6 14. Bc3 b5 15. axb5 axb5 16. d3 bxc4 17. bxc4 Bd7 18. Nc2 Nc7 19. e4 Ne6 20. Qd2 Ned4 21. Bxd4 exd4 22. Rfb1 Ne5 23. h3 Bxh3 24. f4 Bxg2 25. Kxg2 Nc6 26. Na3 f5 27. exf5 gxf5 28. Nb5 Kh8 29. Ra6 Nb4 30. Nxb4 cxb4 31. Qxb4 Qe7 32. Re1 Qb7+ 0-1

[Event "Recife Araujo Cup 5th"]
[Site "Recife"]
[Date "2018.05.06"]
[Round "5"]
[White "Caldas, Raphael Cavalcanti"]
[Black "De Melo Braga, Pamella Vittoria"]
[Result "1-0"]
[WhiteElo "1256"]
[BlackElo "1555"]
[PlyCount "55"]
[EventDate "2018.05.04"]
[EventType "swiss"]
[EventRounds "6"]
[EventCountry "BRA"]
[SourceTitle "CBM 184 Extra"]
[Source "ChessBase"]
[SourceDate "2018.06.28"]
[SourceVersion "1"]
[SourceVersionDate "2018.06.28"]
[SourceQuality "1"]

1. e4 c6 2. Nc3 d5 3. Nf3 dxe4 4. Nxe4 Bf5 5. Ng3 Bg6 6. h4 h6 7. Ne5 Nd7 8. Nxg6 fxg6 9. Bd3 Ne5 10. Be4 Nf6 11. f4 Nxe4 12. Nxe4 Nf7 13. Qg4 Qd7 14. Qxg6 b6 15. d3 e6 16. Bd2 0-0-0 17. 0-0-0 Nd6 18. Nxd6+ Qxd6 19. Rde1 Qd5 20. Qxe6+ Qxe6 21. Rxe6 Rd6 22. Rhe1 Kd7 23. Re8 Kc7 24. f5 Rf6 25. Bf4+ Kb7 26. g4 h5 27. R8e6 Rxf5 28. gxf5 1-0

[Event "Recife Araujo Cup 5th"]
[Site "Recife"]
[Date "2018.05.05"]
[Round "3"]
[White "Caldas, Raphael Cavalcanti"]
[Black "Santos, Lucas Henrique Azev"]
[Result "0-1"]
[WhiteElo "1256"]
[BlackElo "1414"]
[PlyCount "56"]
[EventDate "2018.05.04"]
[EventType "swiss"]
[EventRounds "6"]
[EventCountry "BRA"]
[SourceTitle "CBM 184 Extra"]
[Source "ChessBase"]
[SourceDate "2018.06.28"]
[SourceVersion "1"]
[SourceVersionDate "2018.06.28"]
[SourceQuality "1"]

1. e4 e5 2. Nf3 Nc6 3. Bc4 h6 4. d4 Nxd4 5. Nxe5 Ne6 6. 0-0 d6 7. Nf3 Nf6 8. Nc3 Be7 9. h3 0-0 10. Be3 Nh7 11. Nd5 c6 12. Nxe7+ Qxe7 13. Qd2 Nhg5 14. Bxg5 Nxg5 15. Nxg5 hxg5 16. Rad1 Qxe4 17. Bb3 d5 18. Qxg5 f6 19. Rxd5 fxg5 20. Re5+ Qd5 21. Bxd5+ cxd5 22. Rxd5 Be6 23. Rxg5 Bxa2 24. b3 Rac8 25. Rb5 b6 26. c4 Rfd8 27. f4 Rd3 28. Rf3 Rcd8 0-1

[Event "BRA-ch U12"]
[Site "Florianopolis"]
[Date "2018.05.01"]
[Round "6"]
[White "Giordani, Joao Guilherme"]
[Black "Caldas, Raphael Cavalcanti"]
[Result "0-1"]
[WhiteElo "1796"]
[BlackElo "1256"]
[PlyCount "62"]
[EventDate "2018.04.28"]
[EventType "swiss"]
[EventRounds "6"]
[EventCountry "BRA"]
[SourceTitle "EXT 2021"]
[Source "ChessBase"]
[SourceDate "2020.10.23"]
[SourceVersion "1"]
[SourceVersionDate "2020.10.23"]
[SourceQuality "1"]

1. e4 c5 2. Nc3 Nc6 3. Nf3 d6 4. Bc4 Bg4 5. h3 Bxf3 6. Qxf3 Nf6 7. d3 Nd4 8. Qd1 a6 9. Be3 g6 10. Bxd4 cxd4 11. Ne2 Qb6 12. b3 Bg7 13. 0-0 0-0 14. c3 dxc3 15. Nxc3 Nxe4 16. dxe4 Bxc3 17. Rc1 Bg7 18. Qe2 Kh8 19. Rc2 f5 20. Rfc1 Bh6 21. Rf1 e5 22. Bd5 Rac8 23. exf5 Rxc2 24. Qxc2 Rxf5 25. Qc8+ Rf8 26. Qxb7 Qc5 27. Bc4 Bf4 28. Qxa6 Bg3 29. Be6 Rxf2 30. Rxf2 Qxf2+ 31. Kh1 Qe1+ 0-1

[Event "BRA-ch U12"]
[Site "Florianopolis"]
[Date "2018.04.30"]
[Round "4"]
[White "Caldas, Raphael Cavalcanti"]
[Black "Rosa, Gabriel Redon"]
[Result "0-1"]
[WhiteElo "1256"]
[BlackElo "1473"]
[PlyCount "112"]
[EventDate "2018.04.28"]
[EventType "swiss"]
[EventRounds "6"]
[EventCountry "BRA"]
[SourceTitle "EXT 2021"]
[Source "ChessBase"]
[SourceDate "2020.10.23"]
[SourceVersion "1"]
[SourceVersionDate "2020.10.23"]
[SourceQuality "1"]

1. e4 e5 2. Nf3 Nc6 3. Bc4 Bc5 4. Ng5 Qxg5 5. 0-0 d6 6. d4 Qg6 7. dxc5 Qxe4 8. Bd3 Qg4 9. Qxg4 Bxg4 10. f3 Be6 11. cxd6 cxd6 12. c3 0-0-0 13. Be3 Nge7 14. Nd2 Nf5 15. Bxf5 Bxf5 16. Rad1 d5 17. g4 Bg6 18. Nb3 b6 19. f4 f6 20. f5 Bf7 21. h3 h5 22. g5 fxg5 23. Bxg5 Rd6 24. Kh2 Re8 25. Rfe1 e4 26. Kg1 Rd7 27. Be3 Ne5 28. Nd4 Nc4 29. Bc1 g6 30. Kh2 Ne5 31. b3 gxf5 32. Rf1 Nf3+ 33. Nxf3 exf3 34. Rxf3 Re2+ 35. Kg1 Rxa2 36. Rxf5 Be6 37. Rxh5 Rg7+ 38. Bg5 Bxh3 39. Rxh3 Rxg5+ 40. Kh1 Re5 41. Rhd3 Ra5 42. b4 Rb5 43. Kg2 a5 44. bxa5 bxa5 45. Ra1 Kc7 46. Kf3 Kc6 47. Kf4 Rh5 48. Rc1 Kc5 49. Rxd5+ Rxd5 50. c4 Rd4+ 51. Ke3 Rxc4 52. Rxc4+ Kxc4 53. Kd2 a4 54. Kc2 a3 55. Kd2 a2 56. Kc2 a1Q 0-1

[Event "Joao Pessoa Fischer Memorial 9th"]
[Site "Joao Pessoa"]
[Date "2018.03.17"]
[Round "3"]
[White "Caldas, Raphael Cavalcanti"]
[Black "Gomes, Genildo de Souza"]
[Result "0-1"]
[WhiteElo "1272"]
[BlackElo "1577"]
[PlyCount "52"]
[EventDate "2018.03.16"]
[EventType "swiss"]
[EventRounds "6"]
[EventCountry "BRA"]
[SourceTitle "CBM 183 Extra"]
[Source "ChessBase"]
[SourceDate "2018.04.19"]
[SourceVersion "1"]
[SourceVersionDate "2018.04.19"]
[SourceQuality "1"]

1. e4 d6 2. d4 Nf6 3. Nc3 g6 4. Nf3 Bg7 5. Be2 0-0 6. 0-0 Nbd7 7. Be3 e5 8. d5 h6 9. Qd2 Ng4 10. Bg5 hxg5 11. Nxg5 Ndf6 12. h3 Nh6 13. g4 Nh7 14. Nf3 f5 15. exf5 gxf5 16. Kh2 fxg4 17. Rg1 Qf6 18. Ne4 Qf4+ 19. Qxf4 Rxf4 20. Ned2 gxf3 21. Nxf3 e4 22. Nd4 Kh8 23. Rxg7 Kxg7 24. Rg1+ Kf6 25. Rg2 Bd7 26. c4 Rg8 0-1